El papel del estado en la evolución del Análisis económico (Registro nro. 25376)

Detalles MARC
000 -LEADER
fixed length control field 00345 a2200109 4500
001 - CONTROL NUMBER
control field ART_11182
005 - DATE AND TIME OF LATEST TRANSACTION
control field 20260410161855.0
008 - FIXED-LENGTH DATA ELEMENTS--GENERAL INFORMATION
fixed length control field 260409a
100 1# - MAIN ENTRY--PERSONAL NAME
Personal name Di Marco, Luis Eugenio
245 10 - TITLE STATEMENT
Title El papel del estado en la evolución del Análisis económico
773 0# - HOST ITEM ENTRY
Title Revista de Economía
Related parts - Nº 36 (mar. 1983)
Record control number REV11077

No hay ítems disponibles.